| 000 | 00537nam a22001937a 4500 | ||
|---|---|---|---|
| 003 | OSt | ||
| 005 | 20160822191434.0 | ||
| 008 | 160822b xxu||||| |||| 00| 0 eng d | ||
| 020 | _a185315301x | ||
| 040 | _cDDC. | ||
| 082 | _aWE550D554d 1997. | ||
| 100 |
_aEdited by Emery,EH.Allan;; _910901 |
||
| 245 | _aDiagnosis Critiria for Neuromuscular Disorders. | ||
| 260 |
_aLondon. _bRoyal society of Medicine. _c1997. |
||
| 300 |
_a104p; _bill; _c23cm. |
||
| 504 | _aincludes index. | ||
| 650 |
_aNeuromuscular. _910902 |
||
| 942 |
_2z _cO_SHELF |
||
| 999 |
_c5075 _d5075 |
||